[Event "Oberfranken-ch Q 0910"]
[Site "Schney"]
[Date "2010.01.05"]
[Round "6"]
[White "Bauer, Martin2222"]
[Black "Von Berg, Hans Dieter"]
[Result "1/2-1/2"]
[WhiteElo "1347"]
[BlackElo "1448"]
[PlyCount "47"]
[EventDate "2010.01.03"]
[EventType "swiss"]
[EventRounds "6"]
[EventCountry "GER"]
[SourceTitle "EXT 2015"]
[Source "ChessBase"]
[SourceDate "2014.11.20"]
[SourceVersion "1"]
[SourceVersionDate "2014.11.20"]
[SourceQuality "1"]

1. Nc3 d5 2. d4 e6 3. g3 Nf6 4. Bg2 c6 5. Nf3 Nbd7 6. 0-0 Bd6 7. Re1 0-0 8. e4 dxe4 9. Nxe4 Nxe4 10. Rxe4 Nf6 11. Re1 Qc7 12. Ne5 Rd8 13. Bg5 Be7 14. Nf3 Nd5 15. Bxe7 Qxe7 16. c3 b6 17. Qc2 Bb7 18. Rad1 Rac8 19. Qe2 c5 20. dxc5 Rxc5 21. Rd2 Nf6 22. Rxd8+ Qxd8 23. Rd1 Qc8 24. Ne5 1/2-1/2

[Event "Oberfranken-ch Q 0910"]
[Site "Schney"]
[Date "2010.01.04"]
[Round "4"]
[White "Mueller, Matthias3333"]
[Black "Von Berg, Hans Dieter"]
[Result "0-1"]
[WhiteElo "1515"]
[BlackElo "1448"]
[PlyCount "68"]
[EventDate "2010.01.03"]
[EventType "swiss"]
[EventRounds "6"]
[EventCountry "GER"]
[SourceTitle "EXT 2015"]
[Source "ChessBase"]
[SourceDate "2014.11.20"]
[SourceVersion "1"]
[SourceVersionDate "2014.11.20"]
[SourceQuality "1"]

1. Nf3 Nc6 2. c4 e5 3. Nc3 d6 4. d4 exd4 5. Nxd4 Bd7 6. g3 Nxd4 7. Qxd4 Bc6 8. f3 Nf6 9. Bg5 Be7 10. 0-0-0 h6 11. Bd2 0-0 12. e4 Nd7 13. Nd5 Bxd5 14. exd5 Bf6 15. Qf2 Re8 16. f4 Nc5 17. Bb4 Ne4 18. Qc2 a5 19. Ba3 Re7 20. Bg2 Qe8 21. Rhe1 Nc5 22. Qf2 Rxe1 23. Qxe1 Nd3+ 24. Rxd3 Qxe1+ 25. Kc2 Re8 26. Kb3 Qe2 27. Bf1 Qf2 28. Bh3 Re3 29. Rxe3 Qxe3+ 30. Ka4 Qd2 31. b4 Qxa2 32. bxa5 Bb2 33. Kb5 Qxa3 34. Bc8 Qc5+ 0-1

[Event "Bayern-ch Seniors 20th"]
[Site "Bergen"]
[Date "2008.06.14"]
[Round "8.43"]
[White "Frithjof, Ewald"]
[Black "Von Berg, Hans Dieter"]
[Result "1-0"]
[WhiteElo "1256"]
[BlackElo "1455"]
[PlyCount "79"]
[EventDate "2008.06.07"]
[EventType "swiss"]
[EventRounds "9"]
[EventCountry "GER"]
[SourceTitle "EXT 2022"]
[Source "ChessBase"]
[SourceDate "2021.10.06"]
[SourceVersion "1"]
[SourceVersionDate "2021.10.06"]
[SourceQuality "1"]

1. e4 c5 2. Nc3 Nc6 3. Nf3 d6 4. d4 cxd4 5. Nxd4 Bd7 6. b3 Nf6 7. h3 a6 8. Be2 e6 9. 0-0 Be7 10. f4 Qa5 11. Bb2 0-0 12. Kh1 Nxd4 13. Qxd4 Bc6 14. Bf3 Qc5 15. Qd3 Rfd8 16. Qe2 Nd7 17. Nd1 Bb5 18. c4 Bc6 19. Nf2 Bf6 20. Nd3 Qb6 21. e5 Bxf3 22. Qxf3 dxe5 23. Nxe5 Nf8 24. Kh2 Qc7 25. Bc3 Qe7 26. Rae1 Bxe5 27. Bxe5 Ng6 28. Ba1 Qd6 29. Qxb7 Nxf4 30. Be5 Qd2 31. Bxf4 Qxa2 32. Bd6 Qd2 33. Qxf7+ Kh8 34. Be5 Qg5 35. Rf3 Qg6 36. Qf4 Rg8 37. Rg3 Qf5 38. Qd4 Rad8 39. Bxg7+ Rxg7 40. Qxg7# 1-0

[Event "Bayern-ch Seniors 20th"]
[Site "Bergen"]
[Date "2008.06.10"]
[Round "4.42"]
[White "Von Berg, Hans Dieter"]
[Black "Malik, Rosemarie"]
[Result "1/2-1/2"]
[WhiteElo "1455"]
[BlackElo "1291"]
[PlyCount "72"]
[EventDate "2008.06.07"]
[EventType "swiss"]
[EventRounds "9"]
[EventCountry "GER"]
[SourceTitle "EXT 2022"]
[Source "ChessBase"]
[SourceDate "2021.10.06"]
[SourceVersion "1"]
[SourceVersionDate "2021.10.06"]
[SourceQuality "1"]

1. d4 Nf6 2. Nf3 e6 3. c4 d5 4. Bg5 Be7 5. Nc3 c6 6. e3 Nbd7 7. Bd3 dxc4 8. Bxc4 0-0 9. Rc1 Nd5 10. Bxe7 Qxe7 11. Bd3 Re8 12. 0-0 b6 13. a3 Bb7 14. Qd2 g6 15. e4 Nxc3 16. Qxc3 Rac8 17. Qd2 c5 18. Qh6 Qf8 19. Qxf8+ Rxf8 20. Bb5 Bc6 21. Bxc6 Rxc6 22. Rc2 Rfc8 23. Rfc1 f6 24. dxc5 Rxc5 25. Rxc5 Rxc5 26. Rd1 a5 27. h3 Nf8 28. Rd2 e5 29. g4 Rc6 30. g5 Kg7 31. Kg2 Re6 32. gxf6+ Kxf6 33. Rd8 Ke7 34. Rb8 h6 35. Rb7+ Ke8 36. h4 Nd7 1/2-1/2

[Event "Oberfranken-ch Q 0708"]
[Site "Schney"]
[Date "2008.01.04"]
[Round "5"]
[White "Bauer, Martin2222"]
[Black "Von Berg, Hans Dieter"]
[Result "0-1"]
[WhiteElo "2108"]
[BlackElo "1496"]
[PlyCount "116"]
[EventDate "2008.01.02"]
[EventType "swiss"]
[EventRounds "7"]
[EventCountry "GER"]
[SourceTitle "EXT 2010"]
[Source "ChessBase"]
[SourceDate "2010.11.25"]
[SourceVersion "1"]
[SourceVersionDate "2010.11.25"]
[SourceQuality "1"]

1. c4 e6 2. Nc3 d5 3. cxd5 exd5 4. d4 Nf6 5. Nf3 Be7 6. g3 c6 7. Bg2 0-0 8. 0-0 h6 9. Re1 Bf5 10. Nh4 Be6 11. Nf3 Nbd7 12. Bf4 Re8 13. a3 Nf8 14. Ne5 Bd6 15. Qc1 Bf5 16. Nf3 Bxf4 17. Qxf4 Qd7 18. Ne5 Qc8 19. Qd2 Ng6 20. Nf3 Ne4 21. Qc1 Nxc3 22. Qxc3 Bh3 23. Qd3 Bxg2 24. Kxg2 Re4 25. Nd2 Re7 26. Rac1 Qe8 27. e3 Nf8 28. Re2 Nd7 29. Rce1 Nf6 30. Qc2 Ne4 31. f3 Nxd2 32. Qxd2 Qd7 33. e4 dxe4 34. Rxe4 Rae8 35. Rxe7 Rxe7 36. Rxe7 Qxe7 37. Kf2 Qd7 38. Qe3 Kf8 39. b4 Qd5 40. Kg2 Qa2+ 41. Kh3 Qd5 42. f4 Qd7+ 43. Kg2 Qe7 44. Kf3 Qxe3+ 45. Kxe3 f5 46. h4 Kf7 47. Kd3 b5 48. Ke3 Ke6 49. Kd2 h5 50. Ke3 Kd5 51. Kd3 g6 52. Ke3 Kc4 53. Ke2 Kb3 54. Kd2 Kxa3 55. Kc3 Ka4 56. d5 cxd5 57. Kd4 Kxb4 58. Kxd5 a5 0-1

[Event "Oberfranken-ch Q 0708"]
[Site "Schney"]
[Date "2008.01.04"]
[Round "4"]
[White "Von Berg, Hans Dieter"]
[Black "Leicht, Gerhard"]
[Result "0-1"]
[WhiteElo "1496"]
[BlackElo "1833"]
[PlyCount "130"]
[EventDate "2008.01.02"]
[EventType "swiss"]
[EventRounds "7"]
[EventCountry "GER"]
[SourceTitle "EXT 2010"]
[Source "ChessBase"]
[SourceDate "2010.11.25"]
[SourceVersion "1"]
[SourceVersionDate "2010.11.25"]
[SourceQuality "1"]

1. d4 d5 2. Nf3 Nf6 3. c4 e6 4. Nc3 Be7 5. Bg5 0-0 6. e3 h6 7. Bh4 b6 8. cxd5 exd5 9. Bd3 Be6 10. Rc1 c5 11. dxc5 bxc5 12. Qc2 Nbd7 13. Bf5 Qb6 14. Bxe6 fxe6 15. Qd2 Rac8 16. 0-0 Rfd8 17. Rfd1 Nf8 18. Qe2 a6 19. Bg3 Ng6 20. Ne5 Nxe5 21. Bxe5 Nd7 22. Bg3 Bf6 23. Na4 Qb7 24. b3 Qb5 25. Qg4 Re8 26. Bf4 Kh7 27. Bg3 Rc6 28. Nc3 Qb7 29. Na4 Be7 30. Bh4 Ne5 31. Qh3 g5 32. Bg3 Ng6 33. Qh5 Rf8 34. Qe2 Qc8 35. Qd3 Kg7 36. Rc2 h5 37. f3 h4 38. Be1 Rd8 39. Qe2 e5 40. Ba5 Rd7 41. Nb6 Rxb6 42. Bxb6 Qc6 43. Ba5 Qb5 44. Qxb5 axb5 45. Be1 d4 46. Rcd2 Ra7 47. exd4 exd4 48. Bf2 b4 49. g3 h3 50. g4 Ne5 51. Bg3 Nxf3+ 52. Kf2 Nxd2 53. Rxd2 Ra6 54. Be5+ Bf6 55. Bxf6+ Rxf6+ 56. Kg3 Rh6 57. Re2 Kf7 58. Re5 Rd6 59. Re2 d3 60. Rd2 Kf6 61. Kf3 Ke5 62. Ke3 Rd4 63. Rxd3 Rxg4 64. Rd2 c4 65. bxc4 Rxc4 0-1

[Event "Oberfranken-ch Q 0708"]
[Site "Schney"]
[Date "2008.01.02"]
[Round "1"]
[White "Von Berg, Hans Dieter"]
[Black "Martius, Roland"]
[Result "0-1"]
[WhiteElo "1496"]
[BlackElo "1753"]
[PlyCount "84"]
[EventDate "2008.01.02"]
[EventType "swiss"]
[EventRounds "7"]
[EventCountry "GER"]
[SourceTitle "EXT 2010"]
[Source "ChessBase"]
[SourceDate "2010.11.25"]
[SourceVersion "1"]
[SourceVersionDate "2010.11.25"]
[SourceQuality "1"]

1. d4 d5 2. c4 c6 3. cxd5 cxd5 4. Nc3 e6 5. Nf3 Ne7 6. Bf4 Bd7 7. e3 a6 8. Bd3 Nbc6 9. a3 Rc8 10. Rc1 Na5 11. Ne5 Nac6 12. 0-0 Nxe5 13. Bxe5 Nc6 14. Bg3 Be7 15. Qe2 0-0 16. Qh5 f5 17. Rc2 Rf6 18. Rfc1 Rh6 19. Qe2 Be8 20. Qf1 Bd6 21. Bxd6 Qxd6 22. g3 Bd7 23. b4 b5 24. Nd1 Rf8 25. f4 Rhf6 26. Rf2 R6f7 27. Nb2 Nb8 28. Rc5 Qb6 29. Qc1 Bc6 30. Rfc2 Bb7 31. Rc7 Rxc7 32. Rxc7 Bc6 33. Re7 Bd7 34. Qc5 Qxc5 35. dxc5 Rd8 36. Rxd7 Rxd7 37. a4 bxa4 38. Nxa4 Kf7 39. Nb6 Rc7 40. Kf1 Nc6 41. b5 axb5 42. Bxb5 Na7 0-1

[Event "Bayern-ch Seniors 19th"]
[Site "Schloss Schney"]
[Date "2007.06.16"]
[Round "5"]
[White "Von Berg, Hans Dieter"]
[Black "Frey, Walter"]
[Result "0-1"]
[WhiteElo "1519"]
[BlackElo "1725"]
[PlyCount "122"]
[EventDate "2007.06.12"]
[EventType "swiss"]
[EventRounds "9"]
[EventCountry "GER"]
[SourceTitle "EXT 2008"]
[Source "ChessBase"]
[SourceDate "2007.11.25"]
[SourceVersion "1"]
[SourceVersionDate "2007.11.25"]
[SourceQuality "1"]

1. d4 Nf6 2. Nf3 c5 3. d5 e6 4. dxe6 fxe6 5. c4 d5 6. e3 Be7 7. Nc3 0-0 8. Be2 Nc6 9. 0-0 a6 10. cxd5 exd5 11. a4 Kh8 12. Qc2 Be6 13. Ng5 Bg8 14. Nf3 Qc7 15. Rd1 Rad8 16. b3 d4 17. exd4 Nxd4 18. Qb2 Nxb3 19. Rb1 Nxc1 20. Rbxc1 Rd6 21. Rxd6 Bxd6 22. h3 Rd8 23. Rd1 Be7 24. Qc2 Rxd1+ 25. Nxd1 Bd5 26. Ne3 Bc6 27. Bd3 Qa5 28. Nf5 Bxf3 29. Nxe7 Qe1+ 30. Bf1 Bxg2 31. Kxg2 Qxe7 32. Qf5 Qe4+ 33. Qxe4 Nxe4 34. Bc4 Nd6 35. Be2 b5 36. axb5 axb5 37. Kf3 g5 38. Kg4 b4 39. Kf3 b3 40. Ke3 b2 41. Bd3 Nc4+ 42. Ke4 Nd2+ 43. Kd5 c4 44. Bc2 b1Q 45. Bxb1 Nxb1 46. Kxc4 Kg7 47. Kd4 Kf6 48. Ke4 Nc3+ 49. Kf3 h5 50. Kg2 Kf5 51. Kg3 Ne2+ 52. Kf3 Nf4 53. Kg3 h4+ 54. Kh2 Ke4 55. Kh1 Nxh3 56. Kg2 Nf4+ 57. Kg1 Kf3 58. Kf1 Nd3 59. Kg1 g4 60. Kh2 Kxf2 61. Kh1 Kf1 0-1

[Event "Bayern-ch Seniors 19th"]
[Site "Schloss Schney"]
[Date "2007.06.14"]
[Round "3"]
[White "Von Berg, Hans Dieter"]
[Black "Lueders, Guenter"]
[Result "0-1"]
[WhiteElo "1519"]
[BlackElo "1667"]
[PlyCount "92"]
[EventDate "2007.06.12"]
[EventType "swiss"]
[EventRounds "9"]
[EventCountry "GER"]
[SourceTitle "EXT 2008"]
[Source "ChessBase"]
[SourceDate "2007.11.25"]
[SourceVersion "1"]
[SourceVersionDate "2007.11.25"]
[SourceQuality "1"]

1. d4 d5 2. Nf3 Nf6 3. c4 e6 4. Bg5 Be7 5. e3 0-0 6. Nc3 Nbd7 7. Bd3 dxc4 8. Bxc4 c6 9. 0-0 Nd5 10. Bxe7 Nxe7 11. Rc1 Qc7 12. Bd3 e5 13. dxe5 Nxe5 14. Nxe5 Qxe5 15. Qc2 h6 16. Ne4 Nd5 17. a3 Nf6 18. Nxf6+ Qxf6 19. Qc3 Qg5 20. Qc5 Qf6 21. Rfe1 Re8 22. Qc3 Qg5 23. Bf1 Bd7 24. Red1 Rad8 25. Rd2 Bg4 26. Rd4 a6 27. Re1 Rxd4 28. Qxd4 Rd8 29. Qc3 Rd7 30. Rc1 Qd8 31. f3 Be6 32. Qe1 Rd2 33. b4 Bb3 34. Be2 Ra2 35. Bd1 Be6 36. a4 Qd3 37. h3 Qg6 38. g4 Qd3 39. e4 Qd4+ 40. Kh1 Qd6 41. Bc2 Bb3 42. Qd1 Qg3 43. Qd3 Qxh3+ 44. Kg1 Qg3+ 45. Kh1 Bxc2 46. Rxc2 Ra1+ 0-1

[Event "Bayern-ch Seniors 18th"]
[Site "Schloss Schney"]
[Date "2006.06.30"]
[Round "6"]
[White "Jurgan, Brigitte"]
[Black "Von Berg, Hans Dieter"]
[Result "1/2-1/2"]
[WhiteElo "1163"]
[BlackElo "1491"]
[PlyCount "36"]
[EventDate "2006.06.25"]
[EventType "swiss"]
[EventRounds "9"]
[EventCountry "GER"]
[SourceTitle "EXT 2007"]
[Source "ChessBase"]
[SourceDate "2006.11.23"]
[SourceVersion "1"]
[SourceVersionDate "2006.11.23"]
[SourceQuality "1"]

1. d4 d5 2. Nf3 Nf6 3. g3 e6 4. a3 Be7 5. Bg2 Nbd7 6. 0-0 0-0 7. Nc3 c6 8. Re1 Re8 9. Bg5 h6 10. Bxf6 Bxf6 11. Rb1 e5 12. dxe5 Nxe5 13. Nxe5 Bxe5 14. e3 Bf5 15. e4 Bxc3 16. bxc3 Bxe4 17. Bxe4 Rxe4 18. Rxe4 dxe4 1/2-1/2

[Event "Bayern-ch Seniors 18th"]
[Site "Schloss Schney"]
[Date "2006.06.26"]
[Round "2"]
[White "Muenzenberg, Dietrich"]
[Black "Von Berg, Hans Dieter"]
[Result "1-0"]
[WhiteElo "1697"]
[BlackElo "1491"]
[PlyCount "83"]
[EventDate "2006.06.25"]
[EventType "swiss"]
[EventRounds "9"]
[EventCountry "GER"]
[SourceTitle "EXT 2007"]
[Source "ChessBase"]
[SourceDate "2006.11.23"]
[SourceVersion "1"]
[SourceVersionDate "2006.11.23"]
[SourceQuality "1"]

1. d4 d5 2. Bg5 h6 3. Bh4 Nd7 4. f4 Ndf6 5. Nd2 Bf5 6. h3 Ne4 7. Ngf3 Nxd2 8. Nxd2 Qd6 9. e3 Nf6 10. Bb5+ c6 11. Be2 Ne4 12. 0-0 Nxd2 13. Qxd2 Qg6 14. Kh2 Bxc2 15. g4 Be4 16. f5 Qd6+ 17. Bg3 Qd8 18. Bf3 Bxf3 19. Rxf3 h5 20. g5 Qd7 21. Raf1 h4 22. Bf4 Qxf5 23. Be5 Qg6 24. Rxf7 Qxf7 25. Rxf7 Kxf7 26. Qf2+ Ke8 27. g6 Kd8 28. Qf5 Rc8 29. b4 b5 30. a3 a6 31. Qf7 Kd7 32. Qf5+ Kd8 33. Kg2 Ra8 34. Qe6 Rc8 35. Qf5 Ra8 36. Kf3 Rc8 37. e4 dxe4+ 38. Kxe4 Ra8 39. Bf4 Rc8 40. Ke5 Rc7 41. Ke6 Rc8 42. Qc5 1-0